Malá encyklopedie zemědelství souborný nástin rolnictví

Uložené v:
Podrobná bibliografia
Médium: Kniha
Jazyk:Czech
Vydavateľské údaje: Praha Československá Akademie Zemědelská 1947
Vydanie:2. přepracované vydání
Tagy: Pridať tag
Žiadne tagy, Buďte prvý, kto otaguje tento záznam!

MARC

LEADER 00000nam a2200000 4500
001 0268949
005 20251104111248.7
041 0 |a cze 
044 |a -CS 
245 1 0 |a Malá encyklopedie zemědelství  |b souborný nástin rolnictví 
250 |a 2. přepracované vydání 
264 1 |a Praha  |b Československá Akademie Zemědelská  |c 1947